[Event "BCF-chT4a 0405 (4NCL)"]
[Site "Telford"]
[Date "2004.11.06"]
[Round "1.5"]
[White "Webster, Richard J"]
[Black "Cohen Setton, Jacob"]
[Result "1-0"]
[WhiteElo "1978"]
[BlackElo "1595"]
[PlyCount "71"]
[EventDate "2004.11.06"]
[EventType "team"]
[EventRounds "11"]
[EventCountry "ENG"]
[SourceTitle "EXT 2006"]
[Source "ChessBase"]
[SourceDate "2005.11.24"]
[SourceVersion "1"]
[SourceVersionDate "2005.11.24"]
[SourceQuality "1"]
[WhiteTeam "Nottinghamshire"]
[BlackTeam "Richmond II"]
[WhiteTeamCountry "ENG"]
[BlackTeamCountry "ENG"]

1. d4 Nf6 2. Nf3 c5 3. c3 Nc6 4. dxc5 e6 5. b4 g6 6. Bb2 Bg7 7. e3 0-0 8. Be2 b6 9. cxb6 Qxb6 10. 0-0 Rd8 11. Qc2 Bb7 12. a3 Rac8 13. Nbd2 d5 14. Rac1 Ne7 15. Qb1 Nf5 16. Nd4 Nxd4 17. cxd4 Ba6 18. Bd3 Rxc1 19. Rxc1 Bxd3 20. Qxd3 Qb7 21. h3 a5 22. b5 Rb8 23. a4 Nd7 24. Nb3 Qa7 25. Rc6 Nb6 26. Nc5 Rc8 27. Rxc8+ Nxc8 28. Qb3 Nb6 29. Bc3 Nc4 30. Qd1 Bf8 31. Na6 Qb6 32. Qe1 Kg7 33. Nc5 Bd6 34. e4 dxe4 35. Qxe4 Kf8 36. Qa8+ 1-0